000
00336nam a2200157Ia 4500
003
Ost
005
20260225132558.0
008
260225s9999||||xx |||||||||||||| ||und||
040
_c
fsic
041
_a
fre
082
_a
361
100
_a
guy rocher
_e
Auteur
245
0
_a
l'action sociale /
245
0
_c
guy rocher
942
_c
كتاب
999
_c
34605
_d
34605